000 00992nam a2200169 i 4500
001 147380
003 ES-MaACL
005 20230906201952.0
007 t|
008 070928s1926 gw ||||1| ger d
100 1 _aUeberweg, Friedrich.
_9111871
245 1 0 _aGrundriss der Geschichte der Philosophie /
_cFriedrich Ueberweg.
260 _aBerlin :
_bVerlegt Bei E. S. Milther,
_c1926.
300 _a5 v. ;
_c23 cm.
505 8 _aContiene: T.I.-- Die philosophie des altertuns. Heransgegeben von Karl Praechter. T.II.-- Die Patristische und scholastische philosophie herausgegeben von Bernhard Geyer. T.III.-- Die philosophie der Henzeit bio zumende des XVIII Jahrhunderts Wollig nenbearbeitet von Mase Frischeisen Kohler Und Willy Snoog. T.IV.-- Die Deutsche philosophie des XIX jahrbunderts und der gegenvart vollig neuhearfeite von Jrangolt Kaustantin Oesterreich. T.V.-- Die Philosophie des auslandes herangegeben von Trangolbt Konstantin O es Ferreich
852 _aES-MaACL
_jA-189-93
999 _c147380
_d147380